[Event "33rd ECCC Open 2017"]
[Site "Antalya"]
[Date "2017.10.11"]
[Round "4"]
[White "Sprenger, Jan Michael"]
[Black "Naiditsch, Arkadij"]
[Result "1/2-1/2"]
[WhiteElo "2513"]
[BlackElo "2702"]
[Annotator "TA"]
[PlyCount "62"]
[EventType "team-tourn"]
[EventCountry "TUR"]
[SourceTitle "playchess.com"]
[Source "ChessBase"]
[SourceQuality "1"]
[WhiteTeam "Leiden"]
[BlackTeam "Odlar Yurdu"]

{[%evp 16,62,29,25,14,20,17,14,24,28,11,27,16,17,24,27,26,35,30,16,13,15,10,0,29,27,27,27,25,20,24,20,20,6,9,0,0,0,0,0,0,0,0,0,0,0,0,0,0]} 1. e4 e5 2. Nf3 Nc6 3. Bb5 Nf6 4. O-O Nxe4 5. Re1 Nd6 6. Nxe5 Be7 7. Bf1 Nxe5 8. Rxe5 O-O 9. d4 {LiveBook: 568 Games} Ne8 {C67: Ruy Lopez: Berlin Defence: 4 0-0 Nxe4} 10. d5 d6 11. Re1 Bg5 12. Nc3 Bxc1 13. Rxc1 Nf6 14. Qd4 Bf5 {[#]} 15. h3 $146 ({Predecessor:} 15. Qb4 Rb8 16. Re3 c5 17. dxc6 bxc6 18. Qa3 Qc7 19. Rce1 Rfe8 20. Rxe8+ Rxe8 21. Rxe8+ Nxe8 22. Bd3 {½-½ (22) Duda,J (2610)-Naiditsch,A (2720) Montpellier 2015}) 15... h5 16. Bd3 Bxd3 17. Qxd3 Re8 18. Qb5 Rb8 19. Rxe8+ Nxe8 20. Re1 a6 21. Qc4 Nf6 22. Ne4 Nxe4 23. Rxe4 $11 {[%mdl 4096] Endgame KQR-KQR} g6 {The position is equal.} 24. h4 Qd7 25. g3 Re8 26. Rxe8+ Qxe8 27. Qxc7 {KQ-KQ} Qe1+ 28. Kg2 Qe4+ 29. Kg1 Qe1+ 30. Kg2 Qe4+ 31. Kg1 Qe1+ {Precision: White = 64%, Black = 82%.} 1/2-1/2

[Event "33rd ECCC Open 2017"]
[Site "Antalya"]
[Date "2017.10.12"]
[Round "4"]
[White "Greenfeld, Alon"]
[Black "Goganov, Aleksey"]
[Result "1/2-1/2"]
[WhiteElo "2509"]
[BlackElo "2571"]
[Annotator "TA"]
[PlyCount "99"]
[EventType "team-tourn"]
[EventCountry "TUR"]
[SourceTitle "playchess.com"]
[Source "ChessBase"]
[SourceQuality "1"]
[WhiteTeam "Beer Sheva"]
[BlackTeam "Mednyi Vsadnik"]

{[%evp 19,99,28,0,0,0,0,0,0,0,0,30,36,29,28,44,28,113,41,86,96,85,85,85,85,85,85,88,108,85,54,83,75,102,0,36,-72,50,2,50,36,114,118,130,132,118,58,48,39,45,42,48,7,6,7,5,0,0,0,0,0,0,0,18,16,50,12,28,19,12,15,20,23,76,87,79,8,8,0,0,0,0,0]} 1. d4 d5 2. c4 c6 3. Nf3 Nf6 4. Nc3 e6 5. Bg5 h6 6. Bxf6 Qxf6 7. Qb3 Nd7 8. e4 dxe4 9. Nxe4 Qf5 {D43: Semi-Slav: 5 Bg5 h6} (9... Qf4 10. Bd3 e5 11. O-O Be7 12. Rae1 exd4 13. Bb1 O-O 14. Ng3 Bd8 15. Qd3 g6 16. h4 Nf6 17. h5 g5 18. Ne5 {1-0 (30) Aronian,L (2799)-Ding,L (2777) Tbilisi 2017}) 10. Bd3 Qa5+ {LiveBook: 12 Games} 11. Kf1 Be7 12. Re1 Qc7 $146 ({Predecessor:} 12... Nf6 13. Ng3 Qb6 14. Qc2 c5 15. d5 exd5 16. cxd5 Nxd5 17. Bc4 {0-1 (37) Rylander,D (2100)-Ziegler,A (2455) Haninge 1997}) 13. h4 Nf6 14. Rh3 Bd7 15. Ne5 Qb6 16. Bb1 Qxb3 17. Rxb3 Rb8 (17... Bc8 $1 $11 {remains equal.}) 18. g4 (18. c5 $16) 18... Rf8 19. Nc5 Bxc5 20. dxc5 {Black must now prevent g5.} Ke7 21. g5 Nh5 22. Rf3 Be8 23. Rd1 Rc8 24. Kg2 Rc7 25. Be4 Rh8 26. Rh1 ({Better is} 26. Rd4 $16) 26... Rg8 27. Kf1 (27. Re1 $14 {stays ahead.}) 27... Rh8 ({Black should try} 27... f6 $17 28. Ng6+ Kd8) 28. Ke1 b6 29. b4 {[%cal Bb2b4,Bb4c5][%mdl 32]} bxc5 (29... Kd8 $1 $14) 30. bxc5 $16 Nf6 31. gxf6+ gxf6 32. Ng4 (32. Nd3 $16) 32... f5 $14 33. Bxf5 $1 exf5 34. Ne3 Bd7 35. Nxf5+ Bxf5 36. Rxf5 {[%mdl 4096] Endgame KRR-KRR} Rb8 37. Rh3 Rb1+ 38. Ke2 Rb2+ 39. Kf1 Rxa2 40. Rh5 a5 41. Rxh6 a4 {[%cal Ba5a4,Ba4a3,Ba3a2][%mdl 32]} 42. h5 {[%cal Bh4h5,Bh5h6][%mdl 32] [#] Strongly threatening Rd6.} a3 43. Rd6 {Threatens to win with h6.} Ra1+ 44. Kg2 {Hoping for h6.} a2 $1 45. Ra3 {h6 is the strong threat.} Kf8 (45... f6 $1 $11) 46. h6 $16 {[#] White threatens Rd8+ and mate.} Kg8 47. Ra8+ (47. Kf3 $16) 47... Kh7 $11 {The position is equal.} 48. Rf6 Rc1 49. Rxa2 {And now Ra4 would win.} Rxc4 50. Ra3 {Precision: White = 47%, Black = 45%.} 1/2-1/2

[Event "33rd ECCC Open 2017"]
[Site "Antalya"]
[Date "2017.10.11"]
[Round "4"]
[White "Valsecchi, Alessio"]
[Black "Apaydin, Fethi"]
[Result "1/2-1/2"]
[WhiteElo "2508"]
[BlackElo "2262"]
[Annotator "TA"]
[PlyCount "110"]
[EventType "team-tourn"]
[EventCountry "TUR"]
[SourceTitle "playchess.com"]
[Source "ChessBase"]
[SourceQuality "1"]
[WhiteTeam "Padova"]
[BlackTeam "Besiktas"]

{[%evp 26,110,21,8,25,18,13,0,0,-38,22,-108,46,41,50,25,20,0,0,0,23,0,0,0,46,44,39,-24,-22,-6,-23,-31,-4,-16,-14,-40,-27,-77,-13,-2,0,0,0,0,0,-14,0,-33,-20,-27,0,0,0,-27,-25,-39,-7,-94,-86,-104,-104,-101,-108,-96,-96,-76,-13,-118,-9,-1389,-1351,-29984,-29985,-29985,-29986,-2149,-100,-85,0,0,0,0,0,0,0,0,0]} 1. d4 Nf6 2. c4 g6 3. Nf3 Bg7 4. g3 O-O 5. Bg2 d6 6. Nc3 Nbd7 7. O-O e5 8. e4 c6 9. Re1 Re8 10. h3 a6 11. a4 {E69: Königsindisch (Hauptvariante des g3-Systems mit e2-e4 und h2-h3)} (11. a3 exd4 12. Nxd4 Nc5 13. b4 Ncd7 14. f4 Nh5 15. Kh2 f5 16. Be3 fxe4 17. Nxe4 Ndf6 18. Nc3 Nd7 {0-1 (65) Vasquez Schroder,R (2542)-Bologan,V (2672) Khanty-Mansiysk 2013}) 11... exd4 12. Nxd4 a5 13. Be3 Nc5 14. Qc2 {LiveBook: 8 Partien} Qb6 15. Rad1 Nfd7 16. f4 Qb4 17. Bf1 $146 (17. Na2 $5 {[%cal Ra2b4]} Qxa4 18. b3 $17) ({Vorgänger:} 17. Na2 Qxa4 18. b3 {1-0 (41) Contin,D (2330)-Maksimenko,A (2507) Milan 2002}) 17... Ra6 (17... Nb6 $15) 18. Na2 (18. Rb1 $11) 18... Qb6 $2 (18... Qxa4 $17 19. Qb1 Rb6) 19. Bf2 Qd8 20. Nc3 Rb6 21. Nf3 {e5 ist eine echte Drohung.} Qe7 22. Nd2 h5 23. e5 dxe5 24. Nde4 Nxe4 25. Nxe4 c5 26. Nc3 (26. Qd2 $14) 26... Rd6 27. Nd5 Qd8 28. f5 b6 29. fxg6 fxg6 30. Nc3 Nf8 31. Nb5 Rxd1 (31... Bf5 $17 32. Qe2 Rd7) 32. Rxd1 $11 Qe7 (32... Qg5 {keeps more tension.} 33. h4 Bf5 34. Qb3 Qf6 35. Nd6 Rd8) 33. Nd6 Rd8 34. Nxc8 Rxc8 35. Bg2 Rd8 {[%cal Bc8d8,Bd8d6,Bd6f6,Bf6f8][%mdl 32]} 36. Rf1 Rd6 37. Be3 Rf6 38. Rd1 {Droht Lg5 und aus.} Ne6 39. Qe4 Kh7 40. Kh2 Rf8 41. Qc6 (41. b3 $11) 41... Nd4 $1 $17 {[%cal Rd4c6]} 42. Qxb6 h4 {[%cal Bh5h4,Bh4g3,Bg3f2][%mdl 32]} 43. Qxa5 e4 44. Kh1 hxg3 45. Qe1 Qh4 (45... Nf5 $17) 46. Qd2 ({Viel schlechter ist} 46. Bxd4 Bxd4 47. Qxe4 Qxe4 $17) (46. a5 $1 $11) 46... Be5 ({Lieber} 46... Rb8 $17 {Und weiter mit ...Sf3 wäre nett.} 47. Rb1 Rb3 48. Bxd4 Bxd4) 47. b4 $2 {[%mdl 8192] [#]} (47. Rf1 $11 Rxf1+ 48. Bxf1) 47... Rf2 $1 $19 {[%mdl 512]} 48. Bxf2 gxf2 49. Qe3 {[#]} Nf5 $1 ({Minderwertig wäre} 49... Qh5 50. Rd2 $11) 50. Rd7+ Kg8 $2 (50... Bg7 $19 {und Schwarz behält klar die Oberhand.} 51. Rxg7+ Kxg7 52. Qc3+ Kf7) 51. Qxc5 $17 {[#]} Ng3+ (51... Bg7 $1 $17 {( -> ...Df4)} 52. Qc7 Kh7) 52. Kh2 $11 {Droht Matt per Dc8+.Die Stellung ist ausgeglichen.} Nf1+ 53. Kh1 {Beabsichtigt Dc8+ und Matt.} Ng3+ 54. Kh2 {jetzt Dc8+ und aus.} Nf1+ 55. Kh1 {Weiss droht Dc8+ und Matt.} Ng3+ {Precision: Weiß = 29%, Schwarz = 36%.} 1/2-1/2

[Event "33rd ECCC Open 2017"]
[Site "Antalya"]
[Date "2017.10.11"]
[Round "4"]
[White "Sadikhov, Ulvi"]
[Black "Brynell, Stellan"]
[Result "1-0"]
[WhiteElo "2487"]
[BlackElo "2415"]
[Annotator "TA"]
[PlyCount "117"]
[EventType "team-tourn"]
[EventCountry "TUR"]
[SourceTitle "playchess.com"]
[Source "ChessBase"]
[SourceQuality "1"]
[WhiteTeam "Karaman"]
[BlackTeam "Nordkalotten"]

{[%evp 10,117,-19,-20,0,-1,27,27,33,8,28,11,54,37,29,31,35,35,41,25,20,0,11,14,18,19,42,45,46,15,10,-1,0,0,0,0,0,-2,-2,-4,-4,-4,-4,-4,-1,-5,-16,-10,0,-147,-155,-164,-144,-130,-149,-123,8,8,8,0,0,0,8,8,8,8,8,8,8,8,8,8,8,8,8,8,8,8,8,8,8,8,8,8,8,8,8,8,0,0,0,0,0,0,0,0,29974,29975,29975,29975,29980,29981,29981,29982,29982,29982,29982,8,29983,8]} 1. e4 e6 2. b3 d5 3. Bb2 dxe4 4. Nc3 Nf6 5. Qe2 Be7 6. O-O-O Nc6 {C00: French: Unusual White 2nd moves} (6... a5 7. a4 b6 8. Nxe4 Bb7 9. Nxf6+ Bxf6 10. Nf3 O-O 11. Ne5 Nc6 12. f4 Qe7 13. Qe4 Nxe5 14. Qxb7 {½-½ (29) Pauwels,C (2551)-Schneider,W (2506) ICCF email 2010}) 7. Nxe4 Nd4 8. Qd3 Nxe4 {White has an edge.} 9. Qxe4 Bf6 10. f4 $146 ({Predecessor:} 10. c3 Nf5 11. Bd3 Nd6 12. Qe2 a5 13. Nf3 b6 14. Ne5 {½-½ (51) Repkova,E (2378)-Kovacik,E (2212) Slovakia 2013}) 10... Qd5 11. Bd3 Bd7 12. c3 Qxe4 13. Bxe4 Bc6 14. Bxc6+ (14. d3 {feels hotter.} Bxe4 15. dxe4 Nc6 16. Nf3 a5 17. a4) 14... Nxc6 15. d4 O-O 16. Nf3 Rfd8 17. Rhe1 Ne7 18. g4 g6 19. Kc2 Nd5 20. Bc1 {[#]} c5 $1 {[%mdl 512]} 21. dxc5 Nxc3 22. Rxd8+ Rxd8 23. Bd2 Nd5 24. Re4 Rc8 25. Rc4 Be7 $36 {[%mdl 2048] White is under pressure.} 26. b4 $1 b6 {[%cal Rb6c5]} 27. Ne5 $1 bxc5 {With the idea ...Nb6.} 28. b5 Bd6 29. Nc6 {[#]} (29. Ra4 $1 $11) 29... a6 $1 $17 {[%cal Ba7a6,Ba6b5][%mdl 544]} 30. a4 (30. bxa6 Rxc6) 30... axb5 31. Na7 bxc4 32. Nxc8 {[#]} Bxf4 (32... Bc7 $1 $17 33. Na7 c3 34. Bxc3 Bxf4) 33. Bxf4 $11 Nxf4 $17 {[%mdl 4096] Endgame KN-KN} 34. Kc3 e5 35. Nd6 Nd5+ 36. Kxc4 Nb6+ $1 37. Kb5 Nxa4 $1 38. Kxa4 $11 {Kb5 is the strong threat. KN-KP} f5 39. Kb5 e4 {Hoping for ...e3.} 40. Kc4 fxg4 41. Nxe4 h5 42. Kxc5 {KN-K3P} h4 43. Nc3 g3 44. h3 g5 {aiming for ...g4!} 45. Ne2 Kf7 46. Kd5 Kf6 47. Ke4 Kg6 ({But not} 47... g4 $2 48. hxg4 Kg5 49. Kf3 $18) 48. Kf3 {Threatens to win with Kg4.} Kf5 49. Ng1 Ke5 50. Kg4 Kf6 51. Nf3 g2 52. Ng1 {And now Kf3 would win.} Kg6 $2 {[%mdl 8192]} (52... Ke5 $11) 53. Kf3 Kf5 54. Ne2 g4+ 55. hxg4+ Kg5 56. Ng1 h3 57. Nxh3+ Kh4 58. Ng1 Kg5 59. Ke4 $2 {[%mdl 32768] Precision: White = 74%, Black = 65%. . Sensor Board Error (Ke4/e5)?} (59. Kg3 {mates} Kf6 60. Kxg2 Ke7 61. Kh3 Kf6 62. Kh4 Kg6 63. g5 Kf7 64. Kh5) 1-0

[Event "33rd ECCC Open 2017"]
[Site "Antalya"]
[Date "2017.10.12"]
[Round "4"]
[White "Bokros, Albert"]
[Black "Malakhov, Vladimir"]
[Result "0-1"]
[WhiteElo "2482"]
[BlackElo "2691"]
[Annotator "TA"]
[PlyCount "138"]
[EventType "team-tourn"]
[EventCountry "TUR"]
[SourceTitle "playchess.com"]
[Source "ChessBase"]
[SourceQuality "1"]
[WhiteTeam "Dunajska Streda"]
[BlackTeam "Legacy Square Capital"]

{[%evp 14,138,33,21,53,21,32,41,38,34,34,17,16,17,29,16,18,14,28,12,10,0,1,0,0,-11,0,-3,0,0,0,0,0,0,0,-10,-17,-22,-18,-23,-22,-22,-22,-22,-23,-19,-17,-22,-22,-21,-25,-37,-27,-33,-7,-45,-18,-12,-9,-51,-33,-43,-35,-46,-45,-37,-31,-81,-89,-76,-76,-78,-74,-74,-81,-76,-87,-195,-110,-145,-95,-156,-22,-16,-5,-18,-15,-17,0,-32,-17,-20,0,-43,-48,-33,-37,-393,-398,-354,-382,-264,-258,-370,-298,-290,-259,-322,-123,-490,-235,-233,-233,-524,-523,-2458,-2469,-5735,-6165,-2384,-2340,-6299,-5044,-5631,-2284,-12837,-12837]} 1. e4 g6 2. d4 Bg7 3. Nc3 d6 4. Nf3 a6 5. h3 Nf6 6. Bd3 {B08: Pirc Defence: Classical System} O-O 7. O-O Nc6 8. Be3 {LiveBook: 5 Games. White is slightly better.} Nd7 (8... e5 9. Qd2 Nh5 10. dxe5 dxe5 11. Nd5 Be6 12. Bc4 Nf4 13. Rfd1 Bxd5 14. exd5 Ne7 15. Bb3 {0-1 (30) Nguyen,N (2634)-Onischuk,V (2612) Berlin 2015}) 9. Ne2 $146 ({Predecessor:} 9. Re1 b5 10. a4 b4 11. Ne2 e5 12. c3 bxc3 13. bxc3 exd4 14. cxd4 {½-½ (43) Recuero Guerra,J (2228)-Guerra Bastida,D (2367) Linares 2013}) 9... Nb4 10. Bc4 d5 11. exd5 b5 12. Bb3 Bb7 13. Nf4 {Hoping for a3.} Nb6 {[%cal Rb4d5]} 14. Re1 N4xd5 15. Nxd5 Bxd5 16. Bg5 Re8 17. Bxd5 Nxd5 18. Qd2 Qd6 19. c3 e6 20. Bh6 Bh8 21. Ne5 c5 22. dxc5 Qxc5 23. Qe2 Qc7 24. Nf3 Rac8 25. a3 Nb6 26. Rad1 Rcd8 (26... Nc4 {is more complex.} 27. Qc2 Bg7 28. Bxg7 Kxg7 29. Nd2 Nb6) 27. Bg5 Rxd1 28. Rxd1 Bg7 29. Be3 Nc4 30. Bc1 h6 31. Nd2 Nb6 32. Nb3 Rc8 33. Be3 Na4 34. Bd4 e5 {Threatens to win with ...Qc4.} 35. Be3 Kh7 36. Bc1 Qc6 37. Na5 Qb6 38. Nb3 Qe6 39. Qc2 f5 40. Nd2 e4 41. Nf1 Nc5 42. Qe2 Re8 43. f3 Nd3 44. fxe4 fxe4 45. Ne3 (45. Be3 $17 {was called for.}) 45... h5 (45... Qb6 $1 $19 46. Kh1 Rf8) 46. Nc2 Qc4 47. Nb4 {[#]} ({White should play} 47. Ne1) 47... Re6 (47... Nxb2 $1 $17 {[%mdl 512]} 48. Qxb2 (48. Bxb2 Qxe2) 48... e3 49. Bxe3 Rxe3) 48. Be3 $11 {[%cal Rb4d3]} Rd6 {Strongly threatening ...Nxb4.} 49. Nxd3 exd3 50. Qf3 Rd7 51. Qf4 a5 52. Rd2 Qe6 53. Rd1 Rf7 $36 {[%mdl 2048] Black is more active.} 54. Qg3 $1 Qe4 55. Bg5 $2 {[%mdl 8192]} (55. Qe1 $15) 55... Qe2 $1 $19 {[%csl LRb2,LRd1]} 56. Qe1 Qxb2 57. Rxd3 Qxa3 58. Qe6 (58. Rd5 {was forced.}) 58... Rf5 59. Rd7 Qxc3 ({And not} 59... Rxg5 60. Qf6 $11) 60. Be3 a4 $2 ({Not} 60... Re5 61. Qf6 $11) (60... Kh8 $19 {is more deadly. aiming for ...Qa1+.} 61. Rd8+ Rf8 62. Rxf8+ Bxf8) 61. Qe7 $2 {[%mdl 8192]} (61. Bd4 $17 Qxd4+ 62. Rxd4 Bxd4+ 63. Kh2) 61... Qf6 (61... Kg8 $142 62. Rd8+ Rf8 63. Qe6+ Kh8 64. Rxf8+ Bxf8) 62. Qxf6 Rxf6 {[%mdl 4096] Endgame KRB-KRB} 63. Bd4 $2 (63. Rb7 {was the only chance.} Rf8 64. Bd4) 63... Kg8 $1 {...Rf7 is the strong threat.Black is clearly winning.} 64. Bxf6 Bxf6 {KR-KB} 65. Rd6 Kf7 66. Ra6 {[#]} Bb2 $1 67. Kf1 {[#]} a3 $1 68. Ke2 b4 {[%cal Bb5b4,Bb4b3][%mdl 32]} 69. Kd3 b3 {Precision: White = 38%, Black = 58%.} 0-1

[Event "33rd ECCC Open 2017"]
[Site "Antalya"]
[Date "2017.10.11"]
[Round "4"]
[White "Georgescu, Tiberiu-Marian"]
[Black "Reimanis, Ritvars"]
[Result "1-0"]
[WhiteElo "2459"]
[BlackElo "2294"]
[Annotator "TA"]
[PlyCount "181"]
[EventType "team-tourn"]
[EventCountry "TUR"]
[SourceTitle "playchess.com"]
[Source "ChessBase"]
[SourceQuality "1"]
[WhiteTeam "Baia Mare"]
[BlackTeam "Riga"]

{[%evp 18,181,32,32,29,32,41,39,40,41,39,32,33,0,42,30,33,33,35,28,26,27,62,64,66,64,63,66,66,64,56,27,52,35,53,40,74,68,91,43,89,91,102,101,112,102,105,103,109,112,106,105,103,95,133,129,137,124,127,121,135,128,155,112,159,134,144,93,116,105,127,120,154,124,140,138,138,111,169,157,156,123,127,83,89,35,45,24,183,179,164,168,193,180,212,204,308,283,642,602,615,345,325,343,338,335,326,322,298,232,368,318,311,295,666,659,572,622,599,585,551,537,572,556,1271,1140,12829,12830,12829,12832,12832,12830,12832,12833,12833,12832,12829,12832,12840,12833,7553,0,12840,12838,12838,12838,12839,12838,12841,12842,12842,12843,12843,12843,12844,12844,12846,12846,12846,12846,12846,12847,12847,12847,12848,12848]} 1. d4 Nf6 2. c4 e6 3. Nc3 d5 4. cxd5 exd5 5. Bg5 c6 6. e3 Bf5 7. Qf3 Bg6 8. Bxf6 Qxf6 9. Qxf6 gxf6 10. Nf3 {[%cal Bg1f3,Bf3h4,Bh4f5,Bf5h6][%mdl 32]} Bd6 {D35: Queen's Gambit Declined: Exchange Variation} (10... Nd7 11. Nh4 Nb6 12. f4 h5 13. Kf2 Nc8 14. f5 Bh7 15. h3 Nd6 16. g4 Kd7 17. Bd3 Bh6 18. Ng2 {1-0 (37) Bluebaum,M (2632)-Naiditsch,A (2700) Minsk 2017}) 11. Nh4 Rg8 12. Ne2 $146 ({Predecessor:} 12. g3 Be4 13. Nxe4 dxe4 14. Bg2 Na6 15. Bxe4 h5 16. Nf5 O-O-O 17. Ke2 Nb4 18. h4 {1-0 (31) Lenz,A (2185)-Garcia,H (2311) ICCF email 2006}) 12... Nd7 {White is slightly better.} 13. Ng3 Nb6 14. O-O-O Kd7 15. Bd3 Rae8 16. Nhf5 Nc8 17. Nh6 Rh8 18. Ngf5 Bf8 19. h4 {[%cal Bh2h4,Bh4h5][%mdl 32]} Ne7 20. h5 Bxf5 21. Nxf5 h6 22. Nh4 Rg8 23. g3 Kc7 24. Bf5 Rg5 25. Bh3 a5 26. Rdg1 b6 27. Kd2 Kd6 28. Ke2 Rb8 29. b3 Rg8 30. Rc1 Rb7 31. Rc2 Rc7 32. Rhc1 Bg7 33. Bf5 Ra8 34. g4 Bf8 35. f3 Re8 36. Kf2 Bg7 37. Rd1 Bf8 38. e4 Ra8 39. Rdc1 Raa7 40. Re2 {[#] White threatens e5+ and mate.} Bg7 41. Rce1 Bf8 42. a3 ({White should try} 42. exd5 cxd5 43. Bd3) 42... dxe4 43. fxe4 b5 44. Rc2 Bg7 45. Rc5 Rcb7 46. Rec1 Rb6 47. Ng2 Ra8 (47... Bf8 $16 48. Ne3 Kc7) 48. Ne3 $18 Bf8 49. R5c2 Rd8 50. a4 Kc7 51. axb5 (51. d5 $16) 51... Rxb5 $14 52. Nd5+ Nxd5 $2 (52... Kb8 $1 $11 53. Nxe7 (53. Nxf6 Bg7 $11) 53... Bxe7) 53. Rxc6+ $18 (53. exd5 $6 c5 $16) 53... Kb7 {...Ba3 is the strong threat.} 54. exd5 {[%cal Be4d5,Bd5d6][%mdl 32]} Bd6 55. R1c3 $36 {[%mdl 2048] White is on the roll.} Ka7 56. Be4 Rb7 (56... f5 $142) 57. Rf3 Be7 $2 {[#]} (57... Kb8 58. Ra6 Re8 59. Rxd6 Rxe4 60. Rdxf6 Rxg4) 58. d6 $1 {[%mdl 512]} Bf8 (58... Rxd6 59. Rxd6) 59. Rc7 Rxc7 60. dxc7 {[%mdl 4096] Endgame KRB-KRB} Rc8 61. Rc3 ({Don't do} 61. Rxf6 Rxc7 62. g5 Bg7 $18) 61... Bd6 62. Rc6 Bxc7 63. Rxf6 Rg8 (63... Rd8 $142 64. Rxf7 Kb6) 64. Rxf7 Kb8 65. Kf3 Bd6 $2 (65... Rd8 66. g5 hxg5) 66. Rb7+ Kc8 67. Rh7 Bf8 68. Ra7 Rh8 69. Rxa5 Kc7 70. Ra8 Kd6 71. Bg6 Bg7 72. Rxh8 Bxh8 {KB-KB} 73. Ke4 Bf6 74. Be8 Bg5 75. b4 Ke6 76. b5 Bd8 77. Bc6 Kd6 78. Ba8 Ke6 79. Bc6 Kd6 80. Kf5 {White is clearly winning.} Bg5 81. Ba8 Bd8 82. Bf3 Bg5 83. b6 {[%cal Bb5b6,Bb6b7][%mdl 32]} Kd7 84. b7 Kc7 85. Bc6 Be3 86. d5 {[%cal Bd4d5,Bd5d6][%mdl 32]} Bd2 87. d6+ Kb8 88. Ke6 Bg5 89. Kf7 Bf4 90. d7 Bg5 91. Ke8 {Precision: White = 67%, Black = 47%.} 1-0

[Event "33rd ECCC Open 2017"]
[Site "Antalya"]
[Date "2017.10.11"]
[Round "4"]
[White "Varga, Zoltan"]
[Black "Zvjaginsev, Vadim"]
[Result "1-0"]
[WhiteElo "2451"]
[BlackElo "2643"]
[Annotator "TA"]
[PlyCount "85"]
[EventType "team-tourn"]
[EventCountry "TUR"]
[SourceTitle "playchess.com"]
[Source "ChessBase"]
[SourceQuality "1"]
[WhiteTeam "Dunajska Streda"]
[BlackTeam "Legacy Square Capital"]

{[%evp 12,85,85,74,85,82,71,71,68,56,77,38,25,29,38,34,56,28,89,85,85,85,85,85,85,88,75,89,89,86,100,100,100,121,102,85,82,96,98,102,108,96,116,85,122,124,139,133,166,166,182,190,191,205,218,227,252,258,243,247,252,251,245,240,229,222,359,348,415,403,487,472,450,441,500,499]} 1. e4 d6 2. d4 Nf6 3. Nc3 g6 4. Bg5 h6 5. Bh4 c6 6. Qd2 g5 {B07: Pirc Defence: Miscellaneous Systems} 7. Bg3 {LiveBook: 9 Games} Nh5 (7... Qa5 8. Bd3 Bg7 9. f3 Nh5 10. Bf2 Nf4 11. g3 Nxd3+ 12. cxd3 Na6 13. Nge2 Bh3 14. Rg1 {0-1 (26) Moiseenko,A (2707)-Fridman,D (2616) Poznan 2014}) 8. Be2 Nxg3 {White is better.} 9. hxg3 (9. fxg3 Bg7 $11) 9... Bg7 10. f4 e5 $146 ({Predecessor:} 10... g4 11. Rh5 f5 12. exf5 Nd7 13. Bxg4 Nf6 14. Bf3 Nxh5 15. Bxh5+ {0-1 (43) Pavasovic,D (2505)-Mohr,G (2455) Radenci 1998}) 11. fxe5 dxe5 12. d5 Nd7 13. O-O-O {[%cal Ba1d1,Bd1d2,Bd2d6,Bd6h6][%mdl 32]} Nf6 14. Nf3 $36 {[%mdl 2048] White is more active.} Ng4 (14... O-O $11 {keeps the balance.}) 15. dxc6 {[%csl Gd1][%cal Rd2d8]} Qxd2+ 16. Rxd2 {aiming for Bb5.} (16. Nxd2 bxc6 17. Rdf1 Be6 $11) 16... bxc6 17. Rd6 Bb7 18. Nxg5 hxg5 19. Rxh8+ Bxh8 20. Bxg4 Rd8 21. Rh6 Bg7 22. Rh7 Bf8 23. Be6 fxe6 24. Rxb7 $16 {[%mdl 4096] Endgame KRB-KRN} Bc5 25. Nd1 $1 Rd4 26. Nf2 Ra4 27. Nd3 Be3+ {[#]} 28. Kd1 $1 Bb6 29. Rg7 Rxe4 30. Rxg5 Bc7 31. Rg7 Bb6 32. c3 Kf8 {[#]} 33. Rg5 $1 Ra4 34. a3 ({Don't play} 34. Rxe5 $6 Kf7 $18) ({Don't take} 34. Nxe5 $6 Rxa2 35. Kc2 (35. Nxc6 Rxb2 36. c4 Rxg2 $11) 35... Ra1 $16) 34... e4 35. Nc5 Rc4 36. Nxe6+ Kf7 37. Nf4 Kf6 38. Rh5 Be3 (38... Rc5 {was called for.} 39. Rh6+ Kg5) 39. g4 $18 Ra4 40. Rf5+ Kg7 41. g3 {White is clearly winning.} Ra6 42. Re5 Rb6 43. Kc2 {Precision: White = 87%, Black = 51%.} 1-0